| 000 | 01072nas a2200301 4500 | ||
|---|---|---|---|
| 001 | BR9100537 | ||
| 003 | BR-BrBNA | ||
| 005 | 20231205091911.0 | ||
| 007 | ta | ||
| 008 | 230509b bl.|||p| |||| 00| 00por d | ||
| 040 |
_aBR-BrBNA _bpor _cBiblioteca Nacional de Agricultura |
||
| 041 | _a(Pt) | ||
| 072 | _aQ03 | ||
| 100 | 1 | _aRibeiro, P. | |
| 100 | 1 | _aAnjos, A.C. dos | |
| 245 | 1 | _aImportancia do exame fisico-quimico no diagnostico de carcacas amareladas de suinos na rotina de inspecao | |
| 246 | 1 | _aThe importance of the physicochemical examination for the differentiation of yellowness of the swine carcasses in the routine meat inspection service | |
| 650 | _aSUÍNO | ||
| 650 | _aCARCACA | ||
| 650 | _aCARNE | ||
| 650 | _aINSPECAO SANITARIA | ||
| 650 | _aICTERICIA | ||
| 650 | _aESTEATITE | ||
| 650 | _aSAO PAULO | ||
| 773 | 0 |
_tRevista da Faculdade de Medicina Veterinaria e Zootecnia da Universidade de Sao Paulo (Brazil) _xISSN 0303-7525 _g(1990), v. 27(1) p. 47-51 _wBR9100537 |
|
| 909 |
_a202311 _bLúcia _c55 _dLúcia Elande |
||
| 942 |
_2AGRIS _n0 _cANA |
||
| 999 |
_c128038 _d128038 |
||